| 000 | 00844nam a2200277Ia 4500 | ||
|---|---|---|---|
| 005 | 20251020182510.0 | ||
| 008 | 200515s9999 xx 000 0 und d | ||
| 082 | _a645.68/J54 | ||
| 100 | _aJimeno Blascoi, Enrique | ||
| 245 | 0 | _aInstalaciones sanitarias en edificios | |
| 250 | _a1a ed. | ||
| 260 | _aLima | ||
| 260 | _bCámara Peruana de la Construcción | ||
| 260 | _c1989 | ||
| 300 | _a143 p. | ||
| 300 | _bil., tbl., graf. | ||
| 500 | _a1 ejemplar | ||
| 520 | _aRecoge experiencias en el campo de la ingeniería, brindando así un aporte dedicado a los profesionales preocupados en el buen diseño y ejecución de las instalaciones sanitarias. | ||
| 650 | _aBOMBAS | ||
| 650 | _aINSTALACIONES SANITARIAS | ||
| 650 | _aPUB CAPECO | ||
| 650 | _aTANQUES ELEVADOS | ||
| 650 | _aTUBERIAS | ||
| 942 | _cLIB | ||
| 999 |
_c1398 _d1398 |
||